000 01026nam a22003137a 4500
003 CHAP
005 20220329141824.0
008 971013s1982 r 00010 d
010 _a74371
011 _a75343
035 _a84903
040 _cCHAP
082 _a972.01
_bC3 1982
100 0 0 _aCarrasco, Pedro.
_919363
245 _aEstratificación social en la Mesoamérica prehispánica
250 _a2 ed.
260 _aMéxico, D.F. :
_bInstituto Nacional de Antropología e Historia,
_c1982
300 _a301 p.
_b: ilus. ; mapas ; gráfs.
590 _aBATCH-UPD
_b10
_c20130110
_lUCH01
_h0718
590 _aBATCH-UPD
_b10
_c20130410
_lUCH01
_h0403
590 _aBATCH-UPD
_b10
_c20130914
_lUCH01
_h0750
590 _aCONVERSION
_b10
_c20130109
_lUCH01
_h1341
650 1 4 _aClases sociales.
_923673
650 1 4 _aMéxico
_xHistoria
_xEpoca prehispánica.
_976759
700 0 _aBroda, Johanna.
_915487
901 _aBK
942 _cLIBRO
949 _a972.01 C3 1982
_bBC
_cLIBRO
_d33724000151916
_eLIBRO
_h62265
_i84903
_mD
_si
999 _c74371
_d74371